[Event "San Francisco TNM Summer op"]
[Site "San Francisco"]
[Date "2017.06.27"]
[Round "6"]
[White "Garfield, Nicholas"]
[Black "Sachs Weintraub, Julian"]
[Result "1-0"]
[WhiteElo "1104"]
[BlackElo "1516"]
[PlyCount "33"]
[EventDate "2017.05.23"]
[EventType "swiss"]
[EventRounds "8"]
[EventCountry "USA"]
[SourceTitle "EXT 2023"]
[Source "ChessBase"]
[SourceDate "2022.10.05"]
[SourceVersion "1"]
[SourceVersionDate "2022.10.05"]
[SourceQuality "1"]

1. d4 d5 2. c4 c6 3. Nc3 Nf6 4. Nf3 dxc4 5. e4 b5 6. a4 Bd7 7. axb5 cxb5 8. e5 Ng8 9. Ng5 h6 10. Nxf7 Kxf7 11. Qf3+ Ke8 12. Qxa8 e6 13. Rxa7 Bc6 14. Rb7 Bxb7 15. Qxb7 Ne7 16. Nxb5 Nbc6 17. Nd6+ 1-0

[Event "San Francisco TNM Summer op"]
[Site "San Francisco"]
[Date "2015.06.30"]
[Round "6"]
[White "Robertson, Guy"]
[Black "Sachs Weintraub, Julian"]
[Result "1-0"]
[WhiteElo "1461"]
[BlackElo "1247"]
[PlyCount "59"]
[EventDate "2015.05.26"]
[EventType "swiss"]
[EventRounds "8"]
[EventCountry "USA"]
[SourceTitle "EXT 2016"]
[Source "ChessBase"]
[SourceDate "2015.10.08"]
[SourceVersion "1"]
[SourceVersionDate "2015.10.08"]
[SourceQuality "1"]

1. Nf3 d5 2. g3 Nc6 3. Bg2 e5 4. d3 Nf6 5. 0-0 h6 6. Nbd2 Bf5 7. Re1 e4 8. Nh4 Bh7 9. dxe4 dxe4 10. Bh3 Be7 11. Ng2 0-0 12. c3 Re8 13. Ne3 b5 14. a4 b4 15. a5 Ne5 16. Qa4 c5 17. Rd1 Qc7 18. Ndf1 Red8 19. Bd2 Rab8 20. Rac1 Nc6 21. cxb4 Nxb4 22. Bxb4 Rxb4 23. Qxb4 Rxd1 24. Nxd1 Nd5 25. Qb5 f5 26. Qe8+ Bf8 27. Qe6+ Qf7 28. Qxf7+ Kxf7 29. Nfe3 Nxe3 30. Nxe3 1-0

[Event "San Francisco TNM Spring op"]
[Site "San Francisco"]
[Date "2015.04.28"]
[Round "7"]
[White "Sachs Weintraub, Julian"]
[Black "LaGrotta, Daniel S"]
[Result "0-1"]
[WhiteElo "1141"]
[BlackElo "1592"]
[PlyCount "58"]
[EventDate "2015.03.17"]
[EventType "swiss"]
[EventRounds "8"]
[EventCountry "USA"]
[SourceTitle "EXT 2016"]
[Source "ChessBase"]
[SourceDate "2015.10.08"]
[SourceVersion "1"]
[SourceVersionDate "2015.10.08"]
[SourceQuality "1"]

1. e4 c5 2. Nf3 Nc6 3. Nc3 g6 4. Bc4 Bg7 5. Ng5 Ne5 6. Bb3 c4 7. Ba4 Nh6 8. d4 cxd3 9. cxd3 0-0 10. d4 Nc6 11. Bxc6 bxc6 12. 0-0 d6 13. Nf3 Bg4 14. Qd3 Bxf3 15. Qxf3 Qb6 16. Qh3 Nf5 17. exf5 Bxd4 18. fxg6 hxg6 19. Be3 Bxe3 20. Qxe3 Qxb2 21. Rab1 Qa3 22. Rb3 Qa6 23. Qxe7 d5 24. Ra3 Qc4 25. Nd1 Rfe8 26. Qf6 Re6 27. Qa1 Rae8 28. Rh3 Qxf1+ 29. Kxf1 Re1# 0-1

[Event "San Francisco TNM Jay Whitehead op"]
[Site "San Francisco"]
[Date "2014.08.20"]
[Round "3"]
[White "Sherwood, Peter"]
[Black "Sachs Weintraub, Julian"]
[Result "0-1"]
[WhiteElo "1722"]
[BlackElo "850"]
[PlyCount "110"]
[EventDate "2014.08.05"]
[EventType "swiss"]
[EventRounds "9"]
[EventCountry "USA"]
[SourceTitle "EXT 2016"]
[Source "ChessBase"]
[SourceDate "2015.10.08"]
[SourceVersion "1"]
[SourceVersionDate "2015.10.08"]
[SourceQuality "1"]

1. e4 e5 2. Nf3 Nc6 3. Bb5 d6 4. d4 Bd7 5. Nc3 exd4 6. Nxd4 a6 7. Nxc6 Bxc6 8. Bxc6+ bxc6 9. 0-0 Nf6 10. Re1 Be7 11. Qf3 0-0 12. Bg5 Nd7 13. Bxe7 Qxe7 14. Qg3 Rab8 15. b3 Qf6 16. Rad1 Rfe8 17. Re3 Qe5 18. Qxe5 Nxe5 19. h3 Rbd8 20. Kf1 Re6 21. Re2 f6 22. Red2 Nd7 23. f3 g6 24. Ne2 c5 25. Nf4 Ree8 26. c4 Nb6 27. Nd3 g5 28. Nxc5 Ra8 29. Nd3 a5 30. c5 dxc5 31. Nxc5 Re5 32. Nd7 Nxd7 33. Rxd7 Rc5 34. Ke2 Rc2+ 35. R1d2 Rxd2+ 36. Kxd2 Ra7 37. Kd3 h5 38. Kd4 c5+ 39. Kxc5 Rxd7 40. Kb5 Ra7 41. Kb6 Ra8 42. Kb7 Rd8 43. Kb6 Rd2 44. Kxa5 Rxa2+ 45. Kb5 Rxg2 46. b4 Rg3 47. Kc6 Rxf3 48. b5 Rc3+ 49. Kb7 Rc4 50. b6 Rxe4 51. Kc8 f5 52. b7 Re8+ 53. Kd7 Rf8 54. Kc7 f4 55. b8Q Rxb8 0-1

[Event "San Francisco TNM Summer op"]
[Site "San Francisco"]
[Date "2014.07.15"]
[Round "8"]
[White "Knolla, Richard"]
[Black "Sachs Weintraub, Julian"]
[Result "1/2-1/2"]
[WhiteElo "1256"]
[BlackElo "850"]
[PlyCount "101"]
[EventDate "2014.05.27"]
[EventType "swiss"]
[EventRounds "8"]
[EventCountry "USA"]
[SourceTitle "EXT 2016"]
[Source "ChessBase"]
[SourceDate "2015.10.08"]
[SourceVersion "1"]
[SourceVersionDate "2015.10.08"]
[SourceQuality "1"]

1. e4 e5 2. Nf3 Nc6 3. d4 exd4 4. Nxd4 Nxd4 5. Qxd4 Nf6 6. e5 c5 7. Qd1 Qe7 8. Qe2 d6 9. exf6 Qxe2+ 10. Bxe2 gxf6 11. 0-0 Bf5 12. Bb5+ Kd8 13. Re1 Bg7 14. Na3 d5 15. Bf4 a6 16. Bf1 Be6 17. c3 b5 18. b4 f5 19. Rac1 c4 20. Be5 f6 21. Bxf6+ Bxf6 22. Rxe6 Bg5 23. Rd1 Kd7 24. Re5 Bf6 25. Rdxd5+ Kc8 26. Rc5+ Kb7 27. Rxf5 Bxc3 28. Nc2 Rad8 29. Be2 Rd2 30. Bf3+ Kb8 31. Ne3 Bxb4 32. Rc6 Rxa2 33. Rb6+ Kc8 34. g3 c3 35. Rc6+ Kb8 36. Nd5 c2 37. Rxc2 Rxc2 38. Nxb4 Rc1+ 39. Kg2 Ra1 40. Nxa6+ Rxa6 41. Rxb5+ Kc7 42. Rc5+ Kd6 43. Rb5 Ra3 44. Rb6+ Ke5 45. Rb5+ Kf6 46. Be4 h6 47. g4 Kg7 48. h4 Ra4 49. f3 Rd8 50. Rd5 Rh8 51. Rd7+ 1/2-1/2